| 000 | 01467nam a2200265 i 4500 | ||
|---|---|---|---|
| 003 | DO-SdBNP | ||
| 005 | 20230801155924.0 | ||
| 006 | a||||gr|||| 00| 0 | ||
| 007 | ta | ||
| 008 | 230731e1985 dr aoc|| |||| 00| 0 spa d | ||
| 040 |
_aDO-SdBNP _bspa _cBNPHU _erda |
||
| 082 | 4 |
_222 _bF385g |
|
| 100 | 1 |
_aFerreras, Ramón Alberto, _d193?-1993 _928990 |
|
| 245 | 1 | 0 |
_aGuerra Patria: _bSanto Domingo 28 de abril 1965, 1ro. de octubre 1966. / _cRamón alberto Ferreras; fotomecánica, Apolinar Javier Rodríguez. |
| 260 | _a2a. edición avanzada | ||
| 264 |
_aSanto Domingo : _bNordeste, _c1985 |
||
| 300 |
_a539, [37] páginas _bIlustraciones, fotografías, retratos ; _c20 cm. |
||
| 336 |
_2rddacontent _atexto _btxt |
||
| 337 |
_2rdamedia _asin medición _bn |
||
| 338 |
_2rdacarrier _avolumen _bnc |
||
| 505 |
_aDedicatoria.-- Prólogo a la Segunda Edición.-- Prólogo a la Primera Edición. _tCarta de Manuel Ramón Montes Arache.-- Los Vacilantes.-- Un Campesino.-- El Padre.-- Prostitutas.-- Un Joven Campesino.-- Abril de 1965.-- Un Soldado del Pueblo.-- El Hombre en el Puente.-- Al Otro Lado del Muro.-- El Asalto al Palacio Nacional.-- Illio Capuci. y los Otros.-- La Insurrección y sus Comienzos.-- Ese muchacho Terrible.-- La Amenaza del Exterminio.-- Interrogatorio al Sargento Luis A. Dalmasí M.-- Veinte Años Después.-- Apédice. |
||
| 590 | _aInventariado 2023 / MF | ||
| 700 | 1 |
_aRodríguez, Apolinar Javier, _efotomecánica _983834 |
|
| 942 |
_2ddc _cLBS1 |
||
| 999 |
_c54263 _d54263 |
||